| 000 | 00591nam a2200169 i 4500 | ||
|---|---|---|---|
| 001 | 151114 | ||
| 003 | ES-MaACL | ||
| 005 | 20230906203835.0 | ||
| 007 | t| | ||
| 008 | 071210s1883 fr ||||1| fre d | ||
| 245 | 0 | 0 | _aRapports sur les travaux de la Commission des Archives Diplomatiques pendant les années 1880-1881-1882. |
| 260 |
_aParis : _b[s.n.], _c1883 ( _fImpr. nationale) |
||
| 300 |
_a21 p. ; _c24 cm. |
||
| 500 | _aPrecede al tít.: Ministère des Affaires Etrangères. | ||
| 710 | 1 |
_aFrancia. _bMinistère des Affaires Étrangères. _9134397 |
|
| 852 |
_aES-MaACL _jT-1121-F-11 |
||
| 999 |
_c151114 _d151114 |
||